000 00258nam a2200097Ia 4500
008 230508s2005 xx 000 0 und d
041 _aeng
100 _aDESAI/ABEL
245 _aINTRODUCTION TO THE FINITE ELEMENT METHOD
260 _bCBS PUBLISHERS & DIS
_c2005
999 _c712880
_d712880